[Event "Biel op"]
[Site "Biel"]
[Date "1989.??.??"]
[Round "4"]
[White "Ambroz, Jan"]
[Black "Georgiev, Krum"]
[Result "1/2-1/2"]
[WhiteElo "2425"]
[BlackElo "2480"]

1.e4 c5 2.Nf3 d6 3.d4 cxd4 4.Nxd4 Nf6 5.Nc3 a6 6.g3 Nc6 7.Bg2 Bd7 8.O-O e6
9.a4 Be7 10.Nce2 Rc8 11.c4 Nxd4 12.Qxd4 e5 13.Qd3 Qc7 14.b3 b5  1/2-1/2

[Event "Caorle op"]
[Site "Caorle"]
[Date "1989.??.??"]
[Round "4"]
[White "Stevanovic, Goran"]
[Black "Marinelli, Tullio"]
[Result "1/2-1/2"]
[WhiteElo "2200"]
[BlackElo "2370"]

1.e4 c5 2.Nf3 d6 3.d4 cxd4 4.Nxd4 Nf6 5.Nc3 a6 6.g3 e5 7.Nb3 Be7 8.Bg2 Qc7
9.O-O Nbd7 10.Qe2 b5 11.h3 b4 12.Nd5 Nxd5 13.exd5 a5 14.Qd1 O-O 15.Be3 f5
16.f4 a4 17.Nc1 Ba6 18.Rf2 Bf6 19.Rb1 Nc5 20.Ne2 Rae8 21.Qd2 Bxe2 22.Rxe2 exf4
23.gxf4 Ne4 24.Qd3 Re7 25.Bxe4 Rxe4 26.a3 Rfe8 27.axb4 Qe7 28.Rbe1 Bh4 29.Ra1 Rxe3
30.Qxe3 Qxe3+ 31.Rxe3 Rxe3 32.Rxa4 Re1+ 33.Kg2 Re2+ 34.Kf3 Rxc2 35.Ra8+ Kf7
36.Ra7+ Be7 37.Ke3 Rxb2 38.Rb7 Rb3+ 39.Kd4 Rxh3 40.b5 Rf3 41.b6 Rxf4+ 42.Kc3 Rf1
43.Kc2 Rf2+ 44.Kc3 Rf3+ 45.Kc2  1/2-1/2

[Event "Copenhagen Obro op"]
[Site "Copenhagen"]
[Date "1989.??.??"]
[Round "4"]
[White "Hartvig, Ove Weiss"]
[Black "Bjertrup, Michael"]
[Result "1/2-1/2"]
[WhiteElo "2225"]
[BlackElo "2350"]

1.e4 c5 2.Nf3 d6 3.d4 cxd4 4.Nxd4 Nf6 5.Nc3 a6 6.g3 g6 7.Bg2 Bg7 8.O-O O-O
9.h3 Nc6 10.Nde2 Bd7 11.a4 Rb8 12.Be3 b6 13.b3 Qc8 14.Kh2 Nb4 15.Qd2 Rd8
16.Rac1 Qc7 17.Nd4 e6 18.Nce2 Nc6 19.c4 e5 20.Nxc6 Bxc6 21.Nc3 Qb7 22.Bg5  1/2-1/2

[Event "Dieren op"]
[Site "Dieren"]
[Date "1989.??.??"]
[Round "1"]
[White "Ostojic, Predrag"]
[Black "Quist, Johan"]
[Result "1-0"]
[WhiteElo "2375"]
[BlackElo "2265"]

1.e4 c5 2.Nf3 d6 3.d4 cxd4 4.Nxd4 Nf6 5.Nc3 a6 6.g3 e5 7.Nde2 b5 8.Bg2 Bb7
9.O-O Nbd7 10.Bg5 Be7 11.Bxf6 Nxf6 12.Qd2 O-O 13.a4 b4 14.Nd5 Nxd5 15.exd5 a5
16.c4 bxc3 17.Nxc3 Qb6 18.Rfb1 f5 19.Bf1 Bf6 20.Bb5 e4 21.Ne2 Rf7 22.Rd1 Ba6
23.Bxa6 Rxa6 24.Rab1 g6 25.Rdc1 Rc7 26.Rxc7 Qxc7 27.b4 axb4 28.Qxb4 Qa7 29.Rb3 Be5
30.Qb5 Rxa4 31.Qc6 Ra1+ 32.Kg2 Qa4 33.Rb7 Qxc6 34.dxc6 d5 35.Re7 Bd6 36.Rd7 Be5
37.Rxd5 Bc7 38.Rd7 Bb6 39.Rb7 Ba5 40.Ra7  1-0

[Event "Forli op"]
[Site "Forli"]
[Date "1989.??.??"]
[Round "9"]
[White "Tringov, Georgi P"]
[Black "Marinelli, Tullio"]
[Result "1-0"]
[WhiteElo "2425"]
[BlackElo "2260"]

1.e4 c5 2.Nf3 d6 3.d4 cxd4 4.Nxd4 Nf6 5.Nc3 a6 6.g3 e5 7.Nde2 Nbd7 8.a4 Be7
9.Bg2 Rb8 10.a5 Qc7 11.O-O O-O 12.h3 b5 13.axb6 Nxb6 14.Qd3 Bb7 15.b3 Rfc8
16.Ra2 Ra8 17.Bd2 Re8 18.Be3 Rad8 19.g4 Rc8 20.Qd2 Nfd7 21.Nd5 Nxd5 22.exd5 Rf8
23.Ng3 g6 24.Bh6 Rfe8 25.c4 Bf8 26.Be3 Nc5 27.Rb1 Bg7 28.b4 Nd7 29.c5 dxc5
30.bxc5  1-0

[Event "BL2-N8889"]
[Site "Germany"]
[Date "1989.??.??"]
[Round "?"]
[White "Teschner, Rudolf"]
[Black "Joecks, Christian"]
[Result "1/2-1/2"]
[WhiteElo "2290"]
[BlackElo "2310"]

1.e4 c5 2.Nf3 d6 3.d4 cxd4 4.Nxd4 Nf6 5.Nc3 a6 6.g3 e6 7.Bg2 Be7 8.O-O O-O
9.h3 Qc7 10.g4 Nc6 11.g5 Nd7 12.Kh1 Nxd4 13.Qxd4 b5 14.f4 Re8 15.f5 Ne5 16.fxe6 Bxe6
17.Bf4 Qd7 18.Bxe5 dxe5 19.Qxd7 Bxd7 20.Nd5 Bd8 21.c3 Rc8 22.Rad1 Be6 23.h4 g6
24.Kh2 h6 25.Nf6+ Bxf6 26.Rxf6 hxg5 27.hxg5 Red8 28.Rxd8+ Rxd8 29.Kg3 Rd2
30.Rf2 Rxf2 31.Kxf2 Bxa2 32.b4 Be6 33.Kg3 Kg7 34.Bf3 Kf8 35.Bd1 Ke7 36.Be2 Kd6
37.Kf2 Kc6 38.Ke3 Kb6 39.Bd1 a5 40.bxa5+ Kxa5 41.Bc2 Kb6 42.Bd3 Kc5 43.Be2 Bc4
44.Bd1 Kd6 45.Kf3 Ke6 46.Bc2 f6 47.gxf6 Kxf6 48.Kg3 g5 49.Bd1 Be6 50.Be2 Bd7
51.Bf1 Ke7 52.Be2 Kd6 53.Bd3 Kc5 54.Be2 Be6 55.Bd3 g4 56.Be2 Bc4 57.Bxg4 Bd3
58.Be6 Bxe4 59.Kf2 Bd5 60.Bd7 Bc4 61.Ke3 Bf1 62.Be8 Bg2 63.Bf7 Bc6 64.Bb3 Bd5
65.Bd1 Ba2 66.Be2 Bb1 67.Bf1 Bc2  1/2-1/2

[Event "Kiev"]
[Site "Kiev"]
[Date "1989.??.??"]
[Round "?"]
[White "Zilberstein, David"]
[Black "Machulsky, Anatoly D"]
[Result "0-1"]
[WhiteElo "2275"]
[BlackElo "2465"]

1.e4 c5 2.Nf3 d6 3.d4 cxd4 4.Nxd4 Nf6 5.Nc3 a6 6.g3 e5 7.Nb3 b5 8.Bg2 Bb7
9.Qe2 Be7 10.O-O O-O 11.Rd1 Qc7 12.a4 b4 13.Na2 a5 14.c3 Bc6 15.cxb4 Bxa4
16.Qd3 Na6 17.Bd2 axb4 18.Rdc1 Qb8 19.Qc4 Nc5 20.Nxc5 dxc5 21.b3 Bd7 22.Bf1 Be6
23.Qc2 Ra3 24.Bc4 Bxc4 25.Qxc4 Qa8  0-1

[Event "Leningrad"]
[Site "Leningrad"]
[Date "1989.??.??"]
[Round "?"]
[White "Marinkovic, Ivan"]
[Black "Vera, Reynaldo"]
[Result "1/2-1/2"]
[WhiteElo "2420"]
[BlackElo "2470"]

1.e4 c5 2.Nf3 d6 3.d4 cxd4 4.Nxd4 Nf6 5.Nc3 a6 6.g3 e5 7.Nb3 b5 8.Bg5 Be7
9.Bxf6 Bxf6 10.a4 b4 11.Nd5 Bb7 12.Qd2 a5 13.Bb5+ Nc6 14.O-O-O O-O 15.Kb1 Na7
16.Bc4 Nc8 17.Qe3 Bg5 18.f4 Bh6 19.Nd2 Ne7 20.Nf3 Rc8 21.Qe2 exf4 22.Nxf4 Bxf4
23.gxf4 Ng6 24.Bb3 Nxf4 25.Qe3 Qf6 26.Rhf1 Ba6 27.Rf2 Nh3 28.Rfd2 Qf4 29.Qxf4 Nxf4
30.Rxd6 Be2 31.R1d2 Bxf3 32.Rf2 Bxe4 33.Rxf4 Bg6 34.Rd5 Ra8 35.Rd7 h5 36.Ka2 Kh7
37.c3 bxc3 38.bxc3 Rfe8 39.h4 Re3 40.Rc7 Re2+  1/2-1/2

[Event "Lugano op"]
[Site "Lugano"]
[Date "1989.??.??"]
[Round "1"]
[White "Wilder, Michael"]
[Black "Roeschlau, Bernd"]
[Result "1-0"]
[WhiteElo "2540"]
[BlackElo "2310"]

1.e4 c5 2.Nf3 d6 3.d4 cxd4 4.Nxd4 Nf6 5.Nc3 a6 6.g3 e5 7.Nb3 Be6 8.Bg2 Nbd7
9.O-O Rc8 10.a4 Be7 11.h3 O-O 12.Kh1 h6 13.f4 Bc4 14.Re1 Re8 15.Nd2 Qb6 16.Qf3 exf4
17.gxf4 Be6 18.Rg1 Kh8 19.Bf1 g5 20.a5 Qa7 21.Nb3 g4 22.Qe3 Nc5 23.f5 Bxb3
24.cxb3 Qa8 25.Qxh6+ Nh7 26.Rxg4 Rg8 27.Bc4 Nd7 28.Be3 Ne5 29.Bd4 Rxg4 30.hxg4 Rg8
31.Rg1 Qe8 32.Rg3 Rg7 33.Nd5 Bd8 34.Qxd6 Nxc4 35.bxc4 f6 36.e5 Qa4 37.exf6 Qd1+
38.Bg1 Nxf6 39.Rh3+ Rh7 40.Qxd8+ Kg7 41.Qe7+ Kh8 42.Rxh7+ Nxh7 43.Qe5+  1-0

[Event "New York op"]
[Site "New York"]
[Date "1989.??.??"]
[Round "6"]
[White "Ivanov, Alexander"]
[Black "Browne, Walter S"]
[Result "1/2-1/2"]
[WhiteElo "2470"]
[BlackElo "2535"]

1.e4 c5 2.Nf3 d6 3.d4 cxd4 4.Nxd4 Nf6 5.Nc3 a6 6.g3 e5 7.Nde2 Nbd7 8.a4 b6
9.Bg2 Bb7 10.h3 Be7 11.g4 Nc5 12.Ng3 O-O 13.O-O Ne6 14.Nf5 g6 15.Nxe7+ Qxe7
16.Nd5 Nxd5 17.exd5 Nc5 18.Bh6 Rfc8 19.f4 Nd7 20.fxe5 Nxe5 21.Qd2 f6 22.Rf2 a5
23.b3 Re8 24.Raf1 Nd7 25.Qd4 Rad8 26.c4 Bc8 27.Bf3 Nc5 28.Bd1 Qe5 29.Qxe5 Rxe5
30.h4 Re4 31.h5 gxh5 32.Rf4 Rde8 33.Bc2 Rxf4 34.Rxf4  1/2-1/2

[Event "Novi Sad op"]
[Site "Novi Sad"]
[Date "1989.??.??"]
[Round "2"]
[White "Rajic, Dobrivoje"]
[Black "Boskovic, Zlatomir"]
[Result "1-0"]
[WhiteElo "2250"]
[BlackElo "2290"]

1.e4 c5 2.Nf3 d6 3.d4 cxd4 4.Nxd4 Nf6 5.Nc3 a6 6.g3 e6 7.Bg2 Be7 8.O-O Qc7
9.h3 Nc6 10.Be3 Ne5 11.Kh1 Rb8 12.a4 Nc4 13.Bc1 b6 14.b3 Ne5 15.Bb2 Bb7 16.f4 Ned7
17.Qe2 O-O 18.g4 g6 19.f5 exf5 20.gxf5 Nh5 21.Qe3 Rbe8 22.fxg6 hxg6 23.Nde2 d5
24.Rad1 Bc5 25.Nxd5 Bxe3 26.Nxc7 Rd8 27.Nd5 Bh6 28.Bf3 Rfe8 29.Bxh5 gxh5
30.Ng3 Bg7 31.Bxg7 Kxg7 32.Nf5+ Kf8 33.Nd6 Bxd5 34.Rxd5 Ne5  1-0

[Event "Sao Paulo"]
[Site "Sao Paulo"]
[Date "1989.??.??"]
[Round "?"]
[White "Milos, Gilberto"]
[Black "Sunye Neto, Jaime"]
[Result "1/2-1/2"]
[WhiteElo "2510"]
[BlackElo "2510"]

1.e4 c5 2.Nf3 d6 3.d4 cxd4 4.Nxd4 Nf6 5.Nc3 a6 6.g3 g6 7.Bg2 Bg7 8.O-O O-O
9.Nd5 Nc6 10.Nb3 Ne5 11.h3 Bd7 12.Re1 Rc8 13.Rb1 Re8 14.Be3 Nc4 15.Bd4 e5
16.Nxf6+ Bxf6 17.Bc3 Be6 18.Qf3 Be7 19.Rbd1 Qc7 20.Nc1 Na3 21.Ne2 Nxc2 22.Rf1 Bxa2
23.Rd2 Bb3 24.Rc1 b5 25.Bxe5 Qa5 26.Bf4 Qa2 27.Rdd1 Be6 28.Rb1 b4 29.Bh6 Qb3
30.Rd3 Qa2 31.Rdd1 a5 32.Nf4 a4 33.h4 Qc4 34.Bf1 Qc5 35.h5 Bg5 36.Bxg5 Qxg5
37.Nxe6 fxe6 38.hxg6 hxg6 39.Rxd6 Rc7 40.Rbd1 a3 41.Rd7 Rxd7 42.Rxd7 Rf8
43.Qb3 Qf6 44.Qxc2 a2 45.Rd1 b3 46.Qd2 Ra8 47.Bc4 a1=Q 48.Rxa1 Rxa1+ 49.Kg2 Rb1
50.e5 Qxe5 51.Qd8+ Kg7 52.Qe7+  1/2-1/2

[Event "SWE-ch"]
[Site "?"]
[Date "1989.??.??"]
[Round "?"]
[White "Winge, Stefan"]
[Black "Wessman, Richard"]
[Result "0-1"]
[WhiteElo "2270"]
[BlackElo "2370"]

1.e4 c5 2.Nf3 d6 3.d4 cxd4 4.Nxd4 Nf6 5.Nc3 a6 6.g3 e6 7.Bg2 Be7 8.O-O O-O
9.a4 Qc7 10.g4 Nc6 11.g5 Nd7 12.Kh1 Re8 13.f4 Bf8 14.Be3 Rb8 15.f5 Nde5 16.fxe6 fxe6
17.Nce2 g6 18.b3 Nxd4 19.Bxd4 Bg7 20.a5 Qe7 21.Qd2 Bd7 22.Rad1 Rf8 23.Bf2 Rbc8
24.c4 Rf7 25.Bg3 Rxf1+ 26.Bxf1 Bc6 27.Bg2 Rd8 28.Nd4 Nf7 29.h4 Be5 30.Bxe5 dxe5
31.Nxc6 bxc6 32.Qc2 Rxd1+ 33.Qxd1 h6 34.Qd2 hxg5 35.b4 gxh4 36.c5 Ng5 37.Qd6 Qf6
38.Qb8+ Kg7 39.Qb7+ Kh6 40.Qxa6 h3 41.Qf1 hxg2+ 42.Qxg2 Qf4 43.a6 Nf3 44.Qh3+ Kg7
45.a7 Qe3 46.Qf1 Nd2 47.Qg2 Qe1+ 48.Qg1 Qxe4+ 49.Qg2 Nf3 50.Qf1 Qf4 51.Qh3 e4
52.Kg2 Qe3 53.Qg3 Qg1+ 54.Kh3 Qh1+ 55.Kg4 Qh5+ 56.Kf4 Qe5+  0-1

[Event "Tirnavia-C"]
[Site "Trnava"]
[Date "1989.??.??"]
[Round "1"]
[White "Bjerring, Kai"]
[Black "Raicevic, Momcilo"]
[Result "1/2-1/2"]
[WhiteElo "2355"]
[BlackElo "2390"]

1.e4 c5 2.Nf3 d6 3.d4 cxd4 4.Nxd4 Nf6 5.Nc3 a6 6.g3 e5 7.Nde2 Nbd7 8.a4 b6
9.Bg2 Bb7 10.O-O Be7 11.h3 Nc5 12.f3 O-O 13.Be3 Qc7 14.Qe1 d5 15.exd5 Nxd5
16.Nxd5 Bxd5 17.Nc3 Bb7 18.Rd1 Ne6 19.Qf2 Bc5 20.Bxc5 Nxc5 21.f4 e4 22.b4 Nd3
23.cxd3 Qxc3 24.dxe4 Qxb4 25.Qd4 Qc5 26.Qxc5 bxc5 27.Rc1 Rac8 28.Rc4 Rc7
29.Rfc1 Rfc8 30.a5 f6 31.Kf2 Kf7 32.h4 Ke7 33.Bh3 Re8 34.h5 g6 35.Bg2 Kd6
36.Rb1 Ke7 37.Rb6 Rd8 38.Rc2 gxh5 39.e5 Bxg2 40.exf6+ Kf7 41.Kxg2 c4 42.Kh3 Rd3
43.Rxa6 Ra3 44.Kh4 Kg6 45.Re2 Ra1 46.Kh3 Kf7 47.Ree6 Rxa5 48.Rac6 Rc5 49.Re7+ Rxe7
50.Rxc5 Re4 51.Rxh5 Kg6 52.f7 Kxf7 53.Rxh7+ Ke6 54.Kg4 Kd6 55.Kf5 Re8 56.Rh1 c3
57.Rc1 Re3 58.g4 Ke7 59.Kg5 Kf7 60.f5 Kg7 61.Rc2 Rf3 62.Ra2 Re3 63.Rc2 Rd3
64.Rh2 Kg8 65.f6 Rd4  1/2-1/2

[Event "Vrnjacka Banja"]
[Site "Vrnjacka Banja"]
[Date "1989.??.??"]
[Round "?"]
[White "Marinkovic, Ivan"]
[Black "Stohl, Igor"]
[Result "1/2-1/2"]
[WhiteElo "2345"]
[BlackElo "2455"]

1.e4 c5 2.Nf3 d6 3.d4 cxd4 4.Nxd4 Nf6 5.Nc3 a6 6.g3 e5 7.Nb3 Be7 8.Bg2 Nbd7
9.a4 b6 10.Nd2 Bb7 11.Nc4 Nc5 12.O-O O-O 13.Bg5 Nfxe4 14.Bxe7 Qxe7 15.Nd5 Bxd5
16.Qxd5 Nf6 17.Qxd6 Qxd6 18.Nxd6 Rab8 19.Rfe1 Rfd8 20.Nc4 e4 21.b4 Nxa4 22.Ne5 Re8
23.Rxa4  1/2-1/2

[Event "Warsaw op"]
[Site "Warsaw"]
[Date "1989.??.??"]
[Round "?"]
[White "Tseshkovsky, Vitaly"]
[Black "Yuferov, Sergey  N"]
[Result "1-0"]
[WhiteElo "2520"]
[BlackElo "2445"]

1.e4 c5 2.Nf3 d6 3.d4 cxd4 4.Nxd4 Nf6 5.Nc3 a6 6.g3 e5 7.Nb3 b5 8.Bg5 Nbd7
9.a4 bxa4 10.Rxa4 Be7 11.Bg2 O-O 12.O-O h6 13.Be3 Qc7 14.Na5 Rb8 15.Nc4 Nc5
16.Bxc5 Qxc5 17.b3 Be6 18.Nd5 Nxd5 19.exd5 Bd7 20.Rxa6 Bb5 21.Rc6 Bxc6 22.dxc6 Rfc8
23.Bd5 Rb5 24.Qf3 Rf8 25.Rd1 Kh8 26.Qf5 Qa7 27.Qd7 Qxd7 28.cxd7 Kg8 29.Bc6 Rc5
30.Ba4 Rd8 31.Ne3 Kf8 32.c4 Ra5 33.Nf5 d5 34.cxd5 Rxa4 35.bxa4 Rxd7 36.a5 Bc5
37.Rc1 Rxd5 38.a6 Ke8 39.Nxg7+ Kd7 40.Rb1 Rd2 41.Rb7+ Kc6 42.Rxf7 Ra2 43.Ne6 Bb6
44.Rf6 Kb5 45.Rf5 Kc4 46.Nf8 Bd4 47.Nd7 Kd5 48.g4 Kd6 49.Nf6 Rxa6 50.Kg2 Ra2
51.h4 Ke6 52.Ne4 Kd5 53.Ng3 Ke6 54.Rf3 Kd5 55.Rf8 Ke6 56.g5 hxg5 57.hxg5 Bc5
58.Rf6+ Kd5 59.g6 Ra4 60.Kh3 Be7 61.Nh5 Ra3+ 62.Kg4 Ra4+ 63.Kf5 Ra2 64.g7 Rxf2+
65.Kg4 Bxf6 66.g8=Q+  1-0

[Event "Warsaw op"]
[Site "Warsaw"]
[Date "1989.??.??"]
[Round "?"]
[White "Tseshkovsky, Vitaly"]
[Black "Kuczynski, Robert"]
[Result "1/2-1/2"]
[WhiteElo "2520"]
[BlackElo "2450"]

1.e4 c5 2.Nf3 d6 3.d4 cxd4 4.Nxd4 Nf6 5.Nc3 a6 6.g3 e5 7.Nb3 Be7 8.Bg2 Qc7
9.O-O O-O 10.a4 Be6 11.h3 Bc4 12.Re1 Nc6 13.Nd2 b5 14.Nxc4 bxc4 15.Bg5 Qb7
16.a5 h6 17.Be3 Qxb2 18.Na4 Qb5 19.Nb6 Rad8 20.Qd2 Nd4 21.Bxd4 exd4 22.Qxd4 d5
23.exd5 Bc5 24.Qf4 Qb4 25.Reb1 Qc3 26.Na4 Qxa5 27.Qxc4 Rc8 28.Qd3 Qc7 29.Nxc5 Qxc5
30.Rc1 a5 31.c4 Rfe8 32.Qd2 Ne4 33.Bxe4 Rxe4 34.Rxa5 Qd4 35.Qa2 Rxc4 36.Rxc4 Qxc4
37.Ra8+ Kh7 38.Qb1 g6 39.Qb8 Re1+ 40.Kh2 Rh1+ 41.Kxh1 Qf1+ 42.Kh2 Qxf2+ 43.Kh1  1/2-1/2

[Event "Zenica"]
[Site "Zenica"]
[Date "1989.??.??"]
[Round "11"]
[White "Popovic, Petar"]
[Black "Renet, Olivier"]
[Result "1-0"]
[WhiteElo "2535"]
[BlackElo "2480"]

1.e4 c5 2.Nf3 d6 3.d4 cxd4 4.Nxd4 Nf6 5.Nc3 a6 6.g3 e5 7.Nb3 Bg4 8.Qd3 b5
9.Bg5 Be7 10.a4 Nc6 11.Bxf6 Bxf6 12.Be2 bxa4 13.Rxa4 Bd7 14.O-O O-O 15.Rxa6 Rxa6
16.Qxa6 Nb4 17.Qxd6 Nxc2 18.Bd3 Nd4 19.Nxd4 exd4 20.Nd5 Be6 21.Qxd8 Bxd8
22.Bc4 Bxd5 23.Bxd5 Bb6 24.Rc1 Rb8 25.Kf1 d3 26.Rd1 Ba5 27.Rxd3 Rxb2 28.Rf3 Bb6
29.Rxf7 g5 30.f4 gxf4 31.gxf4 Kh8 32.e5 Rd2 33.e6 Bc5 34.Be4 Rf2+ 35.Ke1 Rxh2
36.e7 Bb4+ 37.Kf1 Bxe7 38.Rxe7 Rh4 39.Rf7 Kg8 40.Bd5 Rh2 41.f5  1-0

[Event "JUG-chT FL"]
[Site "Arandjelovac"]
[Date "1990.??.??"]
[Round "9"]
[White "Mrsevic, Miroslav"]
[Black "Mihajlovic, Miodrag"]
[Result "1-0"]
[WhiteElo "2250"]
[BlackElo "2270"]

1.e4 c5 2.Nf3 d6 3.d4 cxd4 4.Nxd4 Nf6 5.Nc3 a6 6.g3 e5 7.Nb3 Be7 8.Bg2 Be6
9.O-O Nbd7 10.a4 Rc8 11.h3 h5 12.Re1 Qc7 13.Nd2 Nf8 14.Nf1 Qd7 15.Kh2 h4
16.g4 Bxg4 17.hxg4 Nxg4+ 18.Kg1 h3 19.Bh1 h2+ 20.Kg2 Nf6 21.f3 Qh3+ 22.Kf2 Nh5
23.Ke2 Ne6 24.Be3 Bh4 25.Qxd6 Rd8 26.Qxe5 Bf6 27.Qxh2 Qxh2+ 28.Nxh2 Ng3+
29.Kf2 Bh4 30.Kg2 Nxh1 31.Rxh1 Bg5 32.Bxg5 Nxg5 33.Rad1  1-0

[Event "Bad Woerishofen op"]
[Site "Bad Woerishofen"]
[Date "1990.??.??"]
[Round "?"]
[White "Bischoff, Klaus"]
[Black "Jansa, Vlastimil"]
[Result "1-0"]
[WhiteElo "2505"]
[BlackElo "2475"]

1.e4 c5 2.Nf3 d6 3.d4 cxd4 4.Nxd4 Nf6 5.Nc3 a6 6.g3 e6 7.Bg2 Qc7 8.O-O Be7
9.Qe2 O-O 10.Be3 Nc6 11.Nxc6 bxc6 12.Na4 Bb7 13.c4 c5 14.Nc3 Nd7 15.Rad1 Rad8
16.f4 Rfe8 17.g4 Bf6 18.g5 Bxc3 19.bxc3 Nb6 20.Bf2 g6 21.Rd3 Nxc4 22.Rh3 Nb6
23.c4 d5 24.cxd5 exd5 25.f5 d4 26.Qg4 Nd7 27.Bg3 Ne5 28.Qh4 h5 29.gxh6 Qe7
30.h7+ Kh8 31.Qxe7 Rxe7 32.Bh4 Nd7 33.Bxe7 Re8 34.fxg6 fxg6 35.Rf7 c4 36.Bg5  1-0

[Event "Barcelona"]
[Site "Barcelona"]
[Date "1990.??.??"]
[Round "3"]
[White "Ochoa de Echaguen, F Javier"]
[Black "Magem Badals, Jorge"]
[Result "1-0"]
[WhiteElo "2400"]
[BlackElo "2470"]

1.e4 c5 2.Nf3 d6 3.d4 Nf6 4.Nc3 cxd4 5.Nxd4 a6 6.g3 e5 7.Nde2 Be7 8.Bg2 O-O
9.O-O Be6 10.h3 Nbd7 11.g4 b5 12.Ng3 Nb6 13.Nd5 Bxd5 14.exd5 g6 15.f4 exf4
16.Bxf4 Rc8 17.Bh6 Re8 18.Qf3 Nbd7 19.Rae1 Bf8 20.Bxf8 Rxf8 21.Rf2 Ne8 22.Qe2 Qh4
23.Ne4 Nc5 24.Ref1 Nxe4 25.Qxe4 Rc7 26.Qe3 Qd8 27.c3 Re7 28.Qd4 Re5 29.a4 h5
30.axb5 axb5 31.gxh5 Rxh5 32.Qd3 Qd7 33.Rf4 Ng7 34.Rb4 Rb8 35.Rff4 Nf5 36.Rg4 Qa7+
37.Kh2 Qc5 38.Rbf4 Ng7 39.Rxf7 Rh6 40.Rxg6 Kxf7 41.Rxh6  1-0

[Event "Belgorod"]
[Site "Belgorod"]
[Date "1990.??.??"]
[Round "?"]
[White "Kholmov, Ratmir D"]
[Black "Szekely, Peter"]
[Result "1/2-1/2"]
[WhiteElo "2485"]
[BlackElo "2420"]

1.e4 c5 2.Nf3 d6 3.d4 cxd4 4.Nxd4 Nf6 5.Nc3 a6 6.g3 e5 7.Nde2 Be7 8.Bg2 b5
9.h3 O-O 10.g4 b4 11.Nd5 Nxd5 12.Qxd5 Ra7 13.Be3 Rd7 14.c4 a5 15.O-O Bb7
16.Qd2 Na6 17.Rad1 Re8 18.Ng3 g6 19.b3 Bc6 20.g5 Nc5 21.h4 Bf8 22.f3 Ne6
23.Bh3 f6 24.f4 exf4 25.Bxf4 Bg7 26.Be3 fxg5 27.Bxg5 Qb6+ 28.Kh2 Qc5 29.Bf6 h5
30.Bxg7 Kxg7 31.Qb2+ Qe5 32.Rf2 Qxb2 33.Rxb2 Rdd8 34.Rbd2 Nc5 35.Rxd6 Rxd6
36.Rxd6 Bxe4 37.Rb6 Bf3 38.Rb5 Nd3 39.Rxa5 Re1 40.Bg2 Bg4 41.Ra7+ Kf8 42.Bd5 Ne5
43.Ne4 Bf5 44.Ng5 Re3 45.Rb7 Nd3 46.Bf3 Ne5 47.Kg3 Rc3 48.Kf2 Rc2+ 49.Kg1 Rc1+
50.Kh2 Rc2+ 51.Kg3 Rc3 52.Kf2 Rc2+  1/2-1/2

[Event "Bern op"]
[Site "Bern"]
[Date "1990.??.??"]
[Round "5"]
[White "Carstens, Andreas"]
[Black "Danner, Georg"]
[Result "1-0"]
[WhiteElo "2335"]
[BlackElo "2330"]

1.e4 c5 2.Nf3 d6 3.d4 cxd4 4.Nxd4 Nf6 5.Nc3 a6 6.g3 e5 7.Nde2 b5 8.Bg2 Bb7
9.O-O Nbd7 10.a4 b4 11.Nd5 Bxd5 12.exd5 Be7 13.Bd2 Rb8 14.c4 bxc3 15.Bxc3 O-O
16.Nc1 Qb6 17.Nd3 a5 18.Qd2 Ra8 19.b4 axb4 20.Nxb4 Nc5 21.Nc6 Bd8 22.Rfb1 Qa6
23.Bf1 Qc8 24.Qd1 Nfe4 25.Be1 f5 26.Bg2 f4 27.Rb4 Qf5 28.f3 Nf6 29.g4 Qd3
30.Bf2 Qxd5 31.Qxd5+ Nxd5 32.Bxc5 dxc5 33.Rb7 Ne3 34.Bf1 Bf6 35.Bb5 e4 36.Rc1 exf3
37.Kf2 Nxg4+ 38.Kxf3 Nxh2+ 39.Ke4 f3 40.Rh1 Rae8+ 41.Kd5 Ng4 42.a5 f2 43.a6 Re1
44.Rh3 Rd1+ 45.Kxc5 Rc8 46.a7 Bd4+ 47.Kb4 Rb1+ 48.Rb3 Rc1 49.Nxd4 R1c4+ 50.Bxc4+ Rxc4+
51.Ka5 f1=Q 52.a8=Q+ Qf8 53.Rb8 Rc5+ 54.R3b5 Rxb5+ 55.Kxb5  1-0

[Event "CSR-ch"]
[Site "Brno"]
[Date "1990.??.??"]
[Round "8"]
[White "Priehoda, Vitezslav"]
[Black "Hracek, Zbynek"]
[Result "1/2-1/2"]
[WhiteElo "2415"]
[BlackElo "2390"]

1.e4 c5 2.Nf3 d6 3.d4 cxd4 4.Nxd4 Nf6 5.Nc3 a6 6.g3 e6 7.Bg2 Be7 8.O-O O-O
9.Nce2 Qc7 10.a4 Nbd7 11.Nb3 Rb8 12.a5 b5 13.axb6 Nxb6 14.Na5 d5 15.Nd4 Bd7
16.e5 Ne8 17.Qe2 Na4 18.Qxa6 Rb6 19.Qe2 Nxb2 20.c4 Nxc4 21.Nxc4 dxc4 22.Be3 Rb4
23.Rfc1 Qxe5 24.Ra7 Nf6 25.Rxd7 Nxd7 26.Nc6 Qf6 27.Qd2 Ne5 28.Bd4 Rb5 29.f4 Nxc6
30.Bxf6 Bxf6 31.Bxc6 Rb2 32.Rc2 c3 33.Qe2 g6 34.Be4 Rd8 35.Bd3 Rb4 36.Rc1 Rb2
37.Rc2 Rb4 38.Rc1 Rb2 39.Rc2 Rb4 40.Rc1  1/2-1/2

[Event "Cannes op"]
[Site "Cannes"]
[Date "1990.??.??"]
[Round "5"]
[White "Santo Roman, Marc"]
[Black "Mrdja, Milan"]
[Result "1-0"]
[WhiteElo "2380"]
[BlackElo "2395"]

1.e4 c5 2.Nf3 d6 3.d4 cxd4 4.Nxd4 Nf6 5.Nc3 a6 6.g3 e5 7.Nde2 b5 8.Bg2 Bb7
9.a3 Be7 10.h3 O-O 11.g4 Nbd7 12.Ng3 Nc5 13.O-O g6 14.f4 exf4 15.Bxf4 Ne8
16.Bh6 Ng7 17.Nd5 Bxd5 18.Qxd5 Nd7 19.e5 Nxe5 20.Ne4 Rc8 21.Rf2 Qb6 22.Kh1 Rc4
23.Rd2 Rd8 24.Rf1 Ne6 25.Rxf7 Kxf7 26.Rf2+ Qxf2 27.Nxf2 Rxc2 28.Nd3 Nxd3
29.Qxd3 Rdc8 30.Qb3 Re2 31.Qf3+  1-0

[Event "JUG-chT Cetinje"]
[Site "Cetinje"]
[Date "1990.??.??"]
[Round "6"]
[White "Zelic, Zdravko"]
[Black "Ilincic, Zlatko"]
[Result "1/2-1/2"]
[WhiteElo "2395"]
[BlackElo "2490"]

1.e4 c5 2.Nf3 d6 3.d4 cxd4 4.Nxd4 Nf6 5.Nc3 a6 6.g3 e5 7.Nde2 Be7 8.Bg2 O-O
9.O-O b5 10.h3 Nbd7 11.g4 Nc5 12.Ng3 g6  1/2-1/2

[Event "Obro-B"]
[Site "Copenhagen"]
[Date "1990.??.??"]
[Round "5"]
[White "Manolov, Ivan"]
[Black "Poulsen, Allan"]
[Result "1/2-1/2"]
[WhiteElo "2360"]
[BlackElo "2305"]

1.e4 c5 2.Nf3 d6 3.d4 Nf6 4.Nc3 cxd4 5.Nxd4 a6 6.g3 e5 7.Nde2 Be7 8.Bg2 Nbd7
9.a4 b6 10.h3 Bb7 11.g4 Nc5 12.Ng3 g6 13.Be3 Ne6 14.Qd2 Rc8 15.Nd5 Nxd5 16.exd5 Nf4
17.Bxf4 exf4 18.Ne2 Bg5 19.Qd3 O-O 20.O-O Re8  1/2-1/2

[Event "BL2-W8990"]
[Site "Germany"]
[Date "1990.??.??"]
[Round "?"]
[White "Popovic, Petar"]
[Black "King, Daniel J"]
[Result "1/2-1/2"]
[WhiteElo "2520"]
[BlackElo "2515"]

1.e4 c5 2.Nf3 d6 3.Nc3 Nf6 4.d4 cxd4 5.Nxd4 a6 6.g3 e5 7.Nb3 Be7 8.Bg2 O-O
9.O-O Be6 10.a4 Nbd7 11.a5 h6 12.h3 Qc7 13.Re1 Rfc8 14.Be3 b5 15.axb6 Nxb6
16.Na5 Nc4 17.Nxc4 Bxc4 18.Qd2 Rab8 19.Reb1 a5 20.Qe1 Bd8 21.Bd2 Qd7 22.Kh2 Be6
23.Qd1 Bb6  1/2-1/2

[Event "Groningen op"]
[Site "Groningen"]
[Date "1990.??.??"]
[Round "8"]
[White "Dgebuadze, Alexandre"]
[Black "Ermenkov, Evgenij"]
[Result "0-1"]
[WhiteElo "2365"]
[BlackElo "2465"]

1.e4 c5 2.Nf3 d6 3.d4 Nf6 4.Nc3 cxd4 5.Nxd4 a6 6.g3 e6 7.Bg2 Be7 8.O-O Qc7
9.a4 Nc6 10.Nce2 O-O 11.c4 Nxd4 12.Qxd4 b6 13.b3 Bb7 14.Ba3 Rfe8 15.Rfd1 Rad8
16.Bb2 Bf8 17.Rac1 Nd7 18.Qe3 Qb8 19.Nf4 Qc7 20.Rd2 h6 21.Rcd1 a5 22.Ne2 Be7
23.Nc3 Bc6 24.Nb5 Bxb5 25.axb5 Bf6 26.Bxf6 Nxf6 27.Qd4 e5 28.Qe3 Kf8 29.Rd3 Ke7
30.Qd2 Qc5 31.h3 Rd7 32.Kh2 Rc8 33.f4 Rdd8 34.fxe5 Qxe5 35.Qf2 Rc5 36.Rf3 Qh5
37.Kg1 Nd7 38.g4 Qg6 39.Rfd3 Ne5 40.Rd5 h5 41.Qh4+ f6 42.Qxh5 Qxh5 43.gxh5 Rxd5
44.Rxd5 Rh8 45.Rd1 Rxh5 46.Kf2 Rh4 47.Kg3 g5 48.Rd2 Nd7 49.b4 axb4 50.Rb2 Nc5
51.Rxb4 Ke6 52.Rb1 Nxe4+ 53.Bxe4 Rxe4 54.Ra1 Rxc4 55.Ra6 f5 56.Rxb6 Rc3+
57.Kg2 Rb3 58.Rb8 Ke5 59.b6 Kf4 60.b7 Rb2+ 61.Kf1 Kf3 62.Ke1 f4 63.Rg8 Rxb7
64.Rxg5 Ke3 65.Kd1 Rb1+ 66.Kc2 Rh1 67.Rg6 f3 68.Re6+ Kf4 69.Rf6+ Kg3 70.Rg6+ Kxh3
71.Kd2 f2 72.Rh6+ Kg2 73.Rg6+ Kf1 74.Rxd6 Rg1 75.Ke3 Ke1 76.Rb6 Rg3+ 77.Ke4 f1=Q  0-1

[Event "Balkaniad"]
[Site "Kavala"]
[Date "1990.??.??"]
[Round "3"]
[White "Cosma, Elena Luminita"]
[Black "Aleksieva, Silvia"]
[Result "1-0"]
[WhiteElo "2160"]
[BlackElo "2040"]

1.e4 c5 2.Nf3 d6 3.Nc3 Nf6 4.d4 cxd4 5.Nxd4 a6 6.g3 e5 7.Nde2 Be7 8.a4 b6
9.Bg2 Bb7 10.h3 Nbd7 11.g4 b5 12.g5 Ng8 13.axb5 Bxg5 14.Qxd6 axb5 15.Rxa8 Bxa8
16.Bxg5 Qxg5 17.Qa6 Qd8 18.Nxb5 Nh6 19.Qa3 Qb8 20.Nec3 f5 21.O-O Rf8 22.Rd1 Bc6
23.Nd6+ Kd8 24.Nxf5 Nxf5 25.Qxf8+  1-0

[Event "Balkaniad"]
[Site "Kavala"]
[Date "1990.??.??"]
[Round "5"]
[White "Cosma, Elena Luminita"]
[Black "Kokanovic, Ksenija"]
[Result "1-0"]
[WhiteElo "2160"]
[BlackElo "2115"]

1.e4 c5 2.Nf3 d6 3.Nc3 Nf6 4.d4 cxd4 5.Nxd4 a6 6.g3 e5 7.Nde2 Be7 8.a4 b6
9.Bg2 Bb7 10.h3 O-O 11.g4 b5 12.axb5 axb5 13.Rxa8 Bxa8 14.Ng3 b4 15.Nd5 Nxd5
16.exd5 Bg5 17.Bxg5 Qxg5 18.O-O Na6 19.Qa1 Bb7 20.Qa5 Qe7 21.Nf5 Qc7 22.Ra1 Ra8
23.Qb5 Rb8 24.Rxa6 Bxa6 25.Qxa6 g6 26.Qxd6  1-0

[Event "JUG-ch (Women)"]
[Site "Kladovo"]
[Date "1990.??.??"]
[Round "?"]
[White "Vuksanovic, Sanja"]
[Black "Kokanovic, Ksenija"]
[Result "1-0"]
[WhiteElo "2160"]
[BlackElo "2165"]

1.e4 c5 2.Nf3 d6 3.d4 cxd4 4.Nxd4 Nf6 5.Nc3 a6 6.g3 e5 7.Nb3 Be7 8.Bg2 Nbd7
9.O-O b5 10.a4 b4 11.Nd5 Nxd5 12.Qxd5 Nb6 13.Qa5 O-O 14.Qxb4 Be6 15.Na5 Qc7
16.Be3 Rab8 17.Qd2 d5 18.Bxb6 Rxb6 19.exd5 Rd8 20.Nb3 Rbd6 21.Qe2 Bxd5 22.Bxd5 Rxd5
23.Rfd1 Qc6 24.Rxd5 Rxd5 25.c4 Rd8 26.Qxe5 Bf6 27.Qe2 Re8 28.Na5 Rxe2 29.Nxc6 Rxb2
30.a5 Rc2 31.Rb1 g6 32.Rb6 Rxc4 33.Rxa6 Ra4 34.Rb6 Bd4 35.Rb3 Ra1+ 36.Kg2 Bc5
37.Rb5 Rc1 38.a6 Bxf2 39.Kxf2 Rxc6 40.a7  1-0